Devine le manga à partir de l'image - Statistiques

Statistiques générales
  • Ce quiz a été pris 966 fois
    924 depuis la dernière actualisation
  • Le résultat moyen est 13 sur 20
Statistiques - réponses
Par images Réponse % Correct
Naruto
98%
One piece
94%
Dragon ball
91%
Hunter X Hunter
89%
Demon slayer
87%
Bleach
85%
Tokyo Ghoul
85%
L'attaque des titans
84%
Jujutsu Kaisen
75%
Naruto
74%
Haikyu
72%
Full metal alchemist
71%
Seven deadly sins
71%
Chainsaw Man
69%
Berserk
51%
Black Clover
36%
Berserk
31%
20th Century Boys
18%
Kingdom
16%
Gantz
7%
Aucun quiz correspondant
Distribution des résultats
% des personnes avec chaque résultat
Percentile par nombre de réponses
Votre historique - résultats
Vous n’avez pas pris ce quiz depuis la dernière actualisation